000 00347 a2200157 4500
001 74979
020 _a8516035433
040 _cAnchieta - Colégio São Paulo
100 _aCarrasco, Walcyr
240 1 0 _aO menino narigudo
_lpor
245 1 0 _aO menino narigudo
300 _a80
362 0 _a2003
650 4 _aLiteratura juvenil
942 _cBK
999 _c74979
_d74979